ՀՀ Գիտությունների ազգային ակադեմիայի հիմնարար գիտական գրադարան  =   Fundamental Scientific Library of NAS RA

Հակոբ Օշական : (Record no. 304938)

MARC details
000 -LEADER
fixed length control field 00942nam a2200229 a 4500
001 - CONTROL NUMBER
control field 000856271
003 - CONTROL NUMBER IDENTIFIER
control field AM-YeHGA
005 - DATE AND TIME OF LATEST TRANSACTION
control field 20250618074032.0
008 - FIXED-LENGTH DATA ELEMENTS--GENERAL INFORMATION
fixed length control field 111223s2011 ai r 000 0 arm d
020 ## - INTERNATIONAL STANDARD BOOK NUMBER
International Standard Book Number 9785550016541
040 ## - CATALOGING SOURCE
Original cataloging agency AM-YeHGA
041 0# - LANGUAGE CODE
Language code of text/sound track or separate title arm
090 ## - LOCALLY ASSIGNED LC-TYPE CALL NUMBER (OCLC); LOCAL CALL NUMBER (RLIN)
-- 306645
245 00 - TITLE STATEMENT
Title Հակոբ Օշական :
Remainder of title Գիտաժ. նյութեր, ապրիլ 28. 2011 /
Statement of responsibility, etc. Կազմ. և խմբ.՝ Լ. Գալստյան.
260 ## - PUBLICATION, DISTRIBUTION, ETC.
Place of publication, distribution, etc. Երևան :
Name of publisher, distributor, etc. Նաիրի,
Date of publication, distribution, etc. 2011.
300 ## - PHYSICAL DESCRIPTION
Extent 203 էջ ;
Dimensions 20 սմ.
504 ## - BIBLIOGRAPHY, ETC. NOTE
Bibliography, etc. note Մատենագիտ. տողատ. ծանոթ. հայ. և անգլ.
600 14 - SUBJECT ADDED ENTRY--PERSONAL NAME
Personal name Օշական, Հակոբ,
Dates associated with a name 1883-1948
9 (RLIN) 4922
650 14 - SUBJECT ADDED ENTRY--TOPICAL TERM
Topical term or geographic name entry element Հայ գրողների կյանքն ու գործունեությունը
9 (RLIN) 4515
700 1# - ADDED ENTRY--PERSONAL NAME
Personal name Գալստյան, Լիլիթ Սերյոժայի,
Dates associated with a name 1962-
Relator term կազմ., խմբ.
Relationship com
-- edt
711 #2 - ADDED ENTRY--MEETING NAME
Meeting name or jurisdiction name as entry element Գիտաժոով «Հակոբ Օշական»
Date of meeting or treaty signing (28 ապրիլի, 2011
Location of meeting Երևան)
Holdings
Withdrawn status Lost status Damaged status Not for loan Collection Home library Current library Date acquired Cost, normal purchase price Shelving control number Total checkouts Full call number Barcode Date last seen Price effective from Koha item type Public note
        General Fundamental Scientific Library Fundamental Scientific Library 09/01/2017 2000.00     AII/97440 FL0188807 09/01/2017 09/01/2017 Գրքեր / Books 30 Days Loan
        General Fundamental Scientific Library Fundamental Scientific Library 09/01/2017 2000.00     AII/97441 FL0188806 09/01/2017 09/01/2017 Գրքեր / Books 30 Days Loan
        General Fundamental Scientific Library Fundamental Scientific Library 09/01/2017 2000.00     AII97442 FL0188864 09/01/2017 09/01/2017 Գրքեր / Books 30 Days Loan


ՀՀ ԳԱԱ հիմնարար գիտական գրադարան
ՀՀ,Երևան 0019
Մարշալ Բաղրամյան 24/6
հեռախոս:(374-10) 52-47-50
Հետադարձ կապ

All site content, except where otherwise noted, is licensed under a
Creative Commons License